Rafael Sanzio (Record no. 167496)

MARC details
000 -LEADER
campo de control de longitud fija 00807nam a22001935i 4500
001 - NÚMERO DE CONTROL
campo de control 167496
003 - IDENTIFICADOR DE NÚMERO DE CONTROL
campo de control ES-MaACL
005 - FECHA Y HORA DE LA ÚLTIMA TRANSACCIÓN
campo de control 20250814063251.0
008 - DATOS DE LONGITUD FIJA--INFORMACIÓN GENERAL
campo de control de longitud fija 960320s1879 sp |||| | spa d
040 ## - FUENTE DE CATALOGACIÓN
Centro catalogador/agencia de origen CLM
Lengua de catalogación spa
Centro/agencia transcriptor CCPB | SIC
100 1# - ENTRADA PRINCIPAL--NOMBRE DE PERSONA
Nombre de persona Vieyra de Abreu, Carlos,
Fechas asociadas al nombre 1854-1918
9 (RLIN) 114608
245 10 - MENCIÓN DEL TÍTULO
Título Rafael Sanzio
Resto del título : discurso de Carlos Vieyra de Abreu al ingresar en la Real Academia Raffaello de Urbano.
260 ## - PUBLICACIÓN, DISTRIBUCIÓN, ETC.
Lugar de publicación, distribución, etc. Madrid :
Nombre del editor, distribuidor, etc. [s.n.],
Fecha de publicación, distribución, etc. 1879 (
Fabricante Tipografía Estereotipia Pergo)
300 ## - DESCRIPCIÓN FÍSICA
Extensión 13 p. ;
Dimensiones 24 cm.
600 04 - PUNTO DE ACCESO ADICIONAL DE MATERIA--NOMBRE DE PERSONA
Nombre de persona Raffaello,
Fechas asociadas al nombre 1483-1520
9 (RLIN) 222299
710 2# - ENTRADA AGREGADA--NOMBRE DE ENTIDAD CORPORATIVA
Nombre de entidad corporativa o nombre de jurisdicción como elemento de entrada Real Academia Raffaello de Urbino.
9 (RLIN) 134780
852 ## - LOCALIZACIÓN
Ubicación ES-MaACL
Número de control de estantería T-318-F-2
Nota libre -- Enc. hol., falto de la enc. original
-- -- Ded. ms. del autor al Ateneo de Madrid
-- -- Enc. en un vol. facticio
Holdings
Estatus retirado Estado de pérdida Estado de daño No para préstamo Colección Biblioteca de origen Biblioteca actual Ubicación en estantería Fecha de adquisición Total de préstamos Signatura topográfica completa Código de barras Visto por última vez Precio de reemplazo Tipo de ítem Koha
        Colección de folletos Biblioteca del Ateneo de Madrid Biblioteca del Ateneo de Madrid Depósito folletos 17/01/2008   T-318-F-2 1175713 23/02/2023 23/02/2023 Folleto